Personaggi di fantasia - W - - Statistics

Statistiche generali
  • Questo quiz è stato fatto 2.321 volte
  • Il punteggio medio è 10 su 16
Statistiche sulle risposte
con Immagini Risposta % Corretto
Winnie-the-Pooh
99%
Wonder Woman
93%
Willy Wonka
91%
Wolverine
82%
Wario
81%
Woody
81%
WALL-E
77%
Wendy Darling
73%
Walter White
69%
Wilma Flintstone
59%
Waldo
44%
Wilson
44%
Waylon Smithers
24%
Winston Zeddemore
18%
Wayne Campbell
8%
Worf
7%
Nessun quiz corrispondente trovato
Distribuzione punteggi
Percentuale di utenti per punteggio
Percentile per numero di risposta
I tuoi punteggi nel tempo
Non hai fatto questo quiz